Responses for Show #7890 - Friday, December 21, 2018

Contestants

[<< previous game]

Graham Fulton III, a musician and research engineering assistant from Ellington, Connecticut

Ellie Jostad, a journalist from Brooklyn, New York

Andrew Kung, a graduate student from San Francisco, California (whose 1-day cash winnings total $21,000)

[next game >>]

Jeopardy! Round responses

SIZE MATTERS
TV MOVES
DAFFYNITIONS
(Alex: There will be two parts to each clue. There will be a "daffynition" followed by a regular definition.)
SENATORS WITH STAMINA
ANIMAL ADJECTIVES
HITTING THE SAUCE
    $200 17
the overhead bins

Graham
    $200 27
Johnny Carson

Ellie
    $200 13
a barbell

Andrew
    $200 28
vice president

Graham
    $200 8
the fox

Andrew
    $200 30
Del Taco

Ellie
    $400 16
a magnum

Ellie
    $400 21
Leonard Nimoy

Andrew
    $400 14
(Ellie: Uh, what is a...)
(Graham: What is a boxer?)

carpet

EllieGraham
Triple Stumper
    $400 29
Ted Kennedy

Graham
    $400 7
an oyster

Graham
    $400 12
steak

Andrew
    $600 9
(Ellie: What is a grand piano?)
(Alex: Be more specific.)
(Ellie: What is a... baby grand piano?)

a concert grand

EllieGraham
    $600 20
David Caruso

Graham
    $600 15
overcast

Graham
    $600 24
(Andrew: What is New Hampshire?)
(Ellie: What is Massachusetts?)

Vermont

AndrewEllie
Triple Stumper
    $600 4
the wolf

Andrew
    $600 1
the Big Mac

Andrew
    $800 10
the miniature pinscher

Andrew
    $800 19
Guy Fieri

Ellie
    $800 22
Converse

Andrew
    $3,200 25
(Alex: Less than a minute now.)

(Robert) Byrd

Andrew
    $800 5
a dove

Graham
    $800 2
(Graham: What is gravy and ketchup?)

ketchup and mayonnaise

AndrewGraham
    $1000 11
jumbo

Graham
    $1000 18
Bewitched

Graham
    $1000 23
admission

Triple Stumper
    $1000 26
Ted Stevens

Triple Stumper
    $1000 6
a goose

Graham
    $1000 3
Frank's

Andrew

Scores at the first commercial break (after clue 15):

Andrew Ellie Graham
$4,600 -$1,000 $3,200

Scores at the end of the Jeopardy! Round:

Andrew Ellie Graham
$8,400 $0 $5,600

Double Jeopardy! Round responses

FREE AT LAST
PSYCHOLOGY
MANLY NICKNAMES
SLEIGHING SONGS
DREAMY LITERATURE
PUT ON YOUR "P.J."s
    $400 30
the Dominican Republic

Andrew
    $400 3
dementia

Andrew
    $400 1
steel

Andrew
    $400 26
a one-horse open sleigh

Graham
    $400 29
Kubla

Graham
    $400 13
a practical joke

Graham
    $800 28
Finland

Triple Stumper
    $2,000 7
agoraphobia

Graham
    $800 2
the Man in the Iron Mask

Graham
    $800 25
Grandmother's house

Andrew
    $800 27
Pilgrim's Progress

Andrew
    $800 12
parachute jumping

Graham
    $1200 22
Indonesia

Andrew
    $1200 8
(Andrew: What is the 1,000-hour rule?)

the 10,000-hour rule

Andrew
Triple Stumper
    $1200 4
Stan Musial

Andrew
    $1200 19
"Won't you guide my sleigh tonight?"

Andrew
    $1200 16
The Interpretation of Dreams

Andrew
    $1200 11
a pea jacket

Graham
    $4,000 23
(Andrew: What is Morocco?)

Algeria

Andrew
    $1600 9
narcissism

Graham
    $1600 5
assassin

Graham
    $1600 20
"Walking In A Winter Wonderland"

Andrew
    $1600 17
John Keats

Triple Stumper
    $1600 14
Punch and Judy

Andrew
    $2000 24
(Andrew: What is Croatia?)
(Graham: What is Turkey?)

Albania

AndrewGraham
Triple Stumper
    $2000 10
Munchausen syndrome

Andrew
    $2000 6
(Ellie: What is throat?)

flute

EllieGraham
    $2000 21
"Sleigh Ride"

Andrew
    $2000 18
Rebecca

Andrew
    $2000 15
Prester John

Triple Stumper

Scores at the end of the Double Jeopardy! Round:

Andrew Ellie Graham
$18,000 -$2,000 $14,800

[wagering suggestions for these scores]

Final Jeopardy! Round responses

GEOGRAPHY & THE MOVIES
(Alex: [To Graham] The movie was Close Encounters of the Third Kind.)
GrahamWhat is Devil's Tower?
$7,400
AndrewWhat is the Lincoln Memorial?
$11,601
Devils Tower

Final scores:

Andrew Ellie Graham
$6,399 -$2,000 $22,200
2nd place: $2,000 3rd place: $1,000 New champion: $22,200

Game dynamics:

Coryat scores:

Andrew Ellie Graham
$19,600 -$2,000 $13,600
25 R
(including 1 DD),
4 W
(including 1 DD)
4 R,
4 W
21 R
(including 1 DD),
3 W

Combined Coryat: $31,200

[game clues] [game scores] [suggest correction]

Game tape date: 2018-11-06
The J! Archive is created by fans, for fans. Scraping, republication, monetization, and malicious use prohibited; this site may use cookies and collect identifying information. See terms. The Jeopardy! game show and all elements thereof, including but not limited to copyright and trademark thereto, are the property of Jeopardy Productions, Inc. and are protected under law. This website is not affiliated with, sponsored by, or operated by Jeopardy Productions, Inc. Join the discussion at JBoard.tv.